006430000a22001810004500008004100000082001600041100002000057245007200077260005200149300004200201440002100243490002600264650004000290650002000330942000700350952009100357999001300448230817t ||||| |||| 00| 0 eng d a305.42bWAT aWaterman, Peter aHidden form herstory:bwomen feminism and the new global solidarity aGrables:bWomen living under Muslim laws,c1994 a87 p. ; 30 cm.bBibliography included aOccasional paper aoccasional paper no.3 aFeminism- International cooperation aFeminist theory cBK 00104070aMAINbMAINd2023-08-17l0o305.42 WATpRAF3729r2023-08-17w2023-08-17yRP c947d947